[Event "1. Bundesliga 2017/2018"]
[Site "Grieskirchen"]
[Date "2018.01.20"]
[Round "7"]
[Board "3"]
[White "Seyb, Alexander"]
[Black "Rozentalis, Eduardas"]
[Result "0-1"]
[WhiteElo "2395"]
[BlackElo "2518"]
[PlyCount "60"]
[EventDate "2017.11.16"]
[EventType "team"]
[EventRounds "11"]
[EventCountry "AUT"]
[WhiteTeam "SIR Royal Salzburg"]
[BlackTeam "SK Hohenems"]

1.e4 c6 2.d4 d5 3.e5 c5 4.dxc5 Nc6 5.Nf3 Bg4 6.c3 e6 7.Be3 Nge7 8.h3 Bxf3 9.Qxf3 Nxe5
10.Bb5+ N7c6 11.Qg3 a6 12.Be2 Nd7 13.Nd2 g6 14.Nb3 Bg7 15.O-O O-O 16.Rad1 Ne7 17.Bd3
Ne5 18.Bd4 N7c6 19.f4 Nxd4 20.cxd4 Nc6 21.Qf2 Qf6 22.Bc2 a5 23.a4 Rfb8 24.Rd3 b6 25.g4
bxc5 26.Nxc5 Rxb2 27.f5 exf5 28.gxf5 Nxd4 29.Nd7 Qg5+ 30.Rg3 Qxg3+ 0-1

[Event "1. Bundesliga 2017/2018"]
[Site "Grieskirchen"]
[Date "2018.01.20"]
[Round "7"]
[Board "4"]
[White "Henrichs, Thomas"]
[Black "Hilverda, Alexander"]
[Result "1/2-1/2"]
[WhiteElo "2476"]
[BlackElo "2368"]
[PlyCount "82"]
[EventDate "2017.11.16"]
[EventType "team"]
[EventRounds "11"]
[EventCountry "AUT"]
[WhiteTeam "SK Hohenems"]
[BlackTeam "SIR Royal Salzburg"]

1.e4 e5 2.Nf3 Nc6 3.Bc4 Nf6 4.d3 Be7 5.O-O O-O 6.Re1 d6 7.a4 Na5 8.Ba2 c5 9.c3 Nc6
10.Na3 h6 11.h3 a6 12.Bd2 Rb8 13.Nc4 Be6 14.b4 b5 15.axb5 axb5 16.Na5 Nxa5 17.Bxe6
fxe6 18.Rxa5 cxb4 19.cxb4 Qe8 20.Qb3 Bd8 21.Ra6 Bb6 22.Be3 Nd7 23.Bxb6 Nxb6 24.Rc1
Qg6 25.Nh2 Qf7 26.f3 Qd7 27.Qa2 Ra8 28.Qa5 Rxa6 29.Qxa6 Rc8 30.Rxc8+ Nxc8 31.Kh1 Ne7
32.Nf1 Qc6 33.Qa2 Kf7 34.Qd2 Qb6 35.Ne3 Qd4 36.Nc2 Qb2 37.f4 Nc6 38.fxe5 dxe5 39.Qf2+
Kg8 40.Qc5 Qc1+ 41.Kh2 Qf4+ 1/2-1/2

[Event "1. Bundesliga 2017/2018"]
[Site "Grieskirchen"]
[Date "2018.01.20"]
[Round "7"]
[Board "5"]
[White "Klek, Hanna Marie"]
[Black "Atlas, Valery"]
[Result "0-1"]
[WhiteElo "2327"]
[BlackElo "2456"]
[PlyCount "154"]
[EventDate "2017.11.16"]
[EventType "team"]
[EventRounds "11"]
[EventCountry "AUT"]
[WhiteTeam "SIR Royal Salzburg"]
[BlackTeam "SK Hohenems"]

1.e4 c5 2.Nf3 d6 3.d4 cxd4 4.Nxd4 Nf6 5.Nc3 e6 6.g4 h6 7.h3 Nc6 8.Be3 Qc7 9.Qe2 a6
10.Bg2 Ne5 11.f4 Nc4 12.O-O-O Nxe3 13.Qxe3 Be7 14.g5 hxg5 15.fxg5 Nd7 16.g6 Ne5 17.gxf7+
Nxf7 18.Qg3 Bf6 19.Rhf1 Qc5 20.e5 Qxe5 21.Qf2 O-O 22.Rfe1 Qg5+ 23.Kb1 Be5 24.Qe2 Qe7
25.h4 Bd7 26.Bxb7 Rab8 27.Bxa6 d5 28.Nb3 Rb4 29.Bd3 Rxh4 30.Rh1 Bxc3 31.bxc3 Nh6 32.Qg2
Rg4 33.Qd2 Rff4 34.Be2 Rh4 35.Rxh4 Rxh4 36.Bf3 Qf6 37.Be2 Rh2 38.Nd4 e5 39.Nf3 Rxe2
40.Qxe2 Bg4 41.Rf1 e4 42.Qd2 Bxf3 43.Qxd5+ Kh7 44.Qc5 Qf4 45.Qc6 Qb8+ 46.Kc1 Qh2 47.Kb2
Qg2 48.Rc1 e3 49.Qe8 e2 50.a4 Qg5 51.Re1 Qc5 52.Rxe2 Bxe2 53.Qxe2 g5 54.Qe4+ Nf5 55.Kb3
Kg7 56.Qg4 Kf6 57.Qf3 Qb6+ 58.Ka3 Qd6+ 59.Kb3 Qe6+ 60.Kb2 Qc4 61.Qa8 g4 62.a5 Qb5+
63.Kc1 g3 64.a6 Qf1+ 65.Kb2 g2 66.Qf8+ Kg6 67.a7 g1=Q 68.Qe8+ Kg7 69.Qd7+ Kf6 70.Qd8+
Kf7 71.Qd5+ Ke7 72.Qb7+ Kf6 73.Qc6+ Kg5 74.a8=Q Qb1+ 75.Ka3 Qgc1+ 76.Ka4 Qcxc2+ 77.Ka5
Qca2+ 0-1

[Event "1. Bundesliga 2017/2018"]
[Site "Grieskirchen"]
[Date "2018.01.20"]
[Round "7"]
[Board "6"]
[White "Baenziger, Fabian"]
[Black "Durakovic, Alman"]
[Result "1/2-1/2"]
[WhiteElo "2365"]
[BlackElo "2279"]
[PlyCount "61"]
[EventDate "2017.11.16"]
[EventType "team"]
[EventRounds "11"]
[EventCountry "AUT"]
[WhiteTeam "SK Hohenems"]
[BlackTeam "SIR Royal Salzburg"]

1.d4 Nf6 2.Bg5 Ne4 3.Bf4 c5 4.f3 Qa5+ 5.c3 Nf6 6.Nd2 cxd4 7.Nb3 Qf5 8.Bxb8 Rxb8 9.Qxd4
b6 10.e4 Qf4 11.g3 Qc7 12.e5 Ng8 13.Bg2 Bb7 14.O-O-O e6 15.Qd2 Ne7 16.Kb1 Nd5 17.Qe2
d6 18.exd6 Bxd6 19.Nd4 Be7 20.Nh3 O-O 21.f4 Bf6 22.Ng5 Rfe8 23.Ne4 Bxd4 24.Rxd4 e5
25.fxe5 Rxe5 26.Qd2 Rbe8 27.c4 Rxe4 28.Bxe4 Nc3+ 29.Qxc3 Bxe4+ 30.Rxe4 Rxe4 31.Rc1 1/2-1/2

[Event "1. Bundesliga 2017/2018"]
[Site "Grieskirchen"]
[Date "2018.01.21"]
[Round "8"]
[Board "1"]
[White "Dragnev, Valentin"]
[Black "Bindrich, Falko"]
[Result "1/2-1/2"]
[WhiteElo "2482"]
[BlackElo "2588"]
[PlyCount "100"]
[EventDate "2017.11.16"]
[EventType "team"]
[EventRounds "11"]
[EventCountry "AUT"]
[WhiteTeam "mpimmo Wien - SK Ottakring"]
[BlackTeam "SK Hohenems"]

1.c4 e6 2.Nc3 d5 3.d4 c6 4.e3 Nf6 5.Nf3 Nbd7 6.Qc2 Bd6 7.Bd3 O-O 8.O-O dxc4 9.Bxc4
b5 10.Bd3 Bb7 11.Rd1 Qc7 12.h3 b4 13.Na4 c5 14.dxc5 Nxc5 15.Nxc5 Bxc5 16.Bd2 Rac8
17.Be1 Qe7 18.Qe2 Bd5 19.Nd2 Rfd8 20.Nb3 Bb6 21.Ba6 Rb8 22.Bc4 Ba8 23.Rxd8+ Rxd8 24.Rd1
Rb8 25.Nd4 h6 26.Nf3 Ne4 27.Bd3 a5 28.Bb1 Qb7 29.Qf1 Rc8 30.Bd3 Rc5 31.a3 b3 32.Nd2
Nf6 33.Kh1 a4 34.Be2 Rc2 35.Rb1 Ba5 36.Nf3 Bxe1 37.Qxe1 Ne4 38.Kg1 g6 39.h4 g5 40.hxg5
hxg5 41.Rd1 Qc7 42.Rb1 e5 43.Bd3 g4 44.Nh4 Nc5 45.Qd1 Nxd3 46.Qxd3 g3 47.Rf1 Qc4 48.Qd8+
Kh7 49.Qg5 Rc1 50.Qh5+ Kg8 1/2-1/2

[Event "1. Bundesliga 2017/2018"]
[Site "Grieskirchen"]
[Date "2018.01.21"]
[Round "8"]
[Board "2"]
[White "Martinovic, Sasa"]
[Black "Banusz, Tamas"]
[Result "1/2-1/2"]
[WhiteElo "2594"]
[BlackElo "2617"]
[PlyCount "63"]
[EventDate "2017.11.16"]
[EventType "team"]
[EventRounds "11"]
[EventCountry "AUT"]
[WhiteTeam "SK Hohenems"]
[BlackTeam "mpimmo Wien - SK Ottakring"]

1.d4 d5 2.c4 c6 3.Nc3 Nf6 4.e3 e6 5.Nf3 a6 6.Qc2 c5 7.cxd5 exd5 8.Be2 Be6 9.O-O Nc6
10.Rd1 Nb4 11.Qd2 Ne4 12.Nxe4 dxe4 13.a3 exf3 14.Bxf3 Nc6 15.d5 Ne5 16.dxe6 Nxf3+
17.gxf3 fxe6 18.f4 Qxd2 19.Bxd2 Rg8 20.Bc3 g5 21.f5 exf5 22.Rd5 Be7 23.Rxf5 Rg6 24.b4
Rc6 25.Rd1 Rd8 26.Rxd8+ Kxd8 27.Kg2 h6 28.Kf3 cxb4 29.Bxb4 Bxb4 30.axb4 Ke7 31.Re5+
Kf6 32.Rd5 1/2-1/2

[Event "1. Bundesliga 2017/2018"]
[Site "Grieskirchen"]
[Date "2018.01.21"]
[Round "8"]
[Board "3"]
[White "Papp, Gabor"]
[Black "Rozentalis, Eduardas"]
[Result "0-1"]
[WhiteElo "2614"]
[BlackElo "2518"]
[PlyCount "80"]
[EventDate "2017.11.16"]
[EventType "team"]
[EventRounds "11"]
[EventCountry "AUT"]
[WhiteTeam "mpimmo Wien - SK Ottakring"]
[BlackTeam "SK Hohenems"]

1.e4 e6 2.d4 d5 3.e5 c5 4.c3 Nc6 5.Nf3 Qb6 6.a3 Nh6 7.b4 cxd4 8.Bxh6 gxh6 9.cxd4 Bd7
10.Ra2 Rc8 11.Be2 Bg7 12.O-O O-O 13.Qd3 f6 14.b5 Ne7 15.exf6 Rxf6 16.Nbd2 Ng6 17.g3
Rcf8 18.a4 R6f7 19.a5 Qd6 20.Qa3 Qxa3 21.Rxa3 Rc8 22.Bd3 e5 23.dxe5 Nxe5 24.Nxe5 Bxe5
25.Kg2 Bc3 26.Ra2 Kg7 27.h3 b6 28.axb6 axb6 29.Rd1 Be6 30.Ra6 Bd4 31.f4 Rc3 32.Nf3
Bc5 33.Ne5 Re7 34.Ra8 Rb3 35.Rd2 h5 36.h4 Bg4 37.Rd8 Bb4 38.Bc2 Rb2 39.Rf2 Be1 40.Nxg4
hxg4 0-1

[Event "1. Bundesliga 2017/2018"]
[Site "Grieskirchen"]
[Date "2018.01.21"]
[Round "8"]
[Board "4"]
[White "Henrichs, Thomas"]
[Black "Stohl, Igor"]
[Result "0-1"]
[WhiteElo "2476"]
[BlackElo "2497"]
[PlyCount "70"]
[EventDate "2017.11.16"]
[EventType "team"]
[EventRounds "11"]
[EventCountry "AUT"]
[WhiteTeam "SK Hohenems"]
[BlackTeam "mpimmo Wien - SK Ottakring"]

1.e4 e5 2.Bc4 Nf6 3.d3 Nc6 4.Nf3 Bc5 5.O-O O-O 6.h3 h6 7.a4 d6 8.Re1 a5 9.c3 Ba7 10.Na3
Ne7 11.Bb3 Ng6 12.Nc2 Re8 13.Ne3 Be6 14.Bxe6 Rxe6 15.g3 Bxe3 16.Bxe3 d5 17.Qc2 Qd7
18.Rad1 Qc6 19.Bc1 Rd8 20.exd5 Nxd5 21.d4 Nb4 22.Qf5 Rf6 23.Qg4 Qxf3 24.Qxf3 Rxf3
25.cxb4 axb4 26.dxe5 Rxd1 27.Rxd1 Nxe5 28.Rd8+ Kh7 29.Bf4 Nd3 30.Bxc7 Nxb2 31.Rb8
Nc4 32.Rxb7 b3 33.a5 b2 34.Be5 Nxe5 35.Rxb2 Ra3 0-1

[Event "1. Bundesliga 2017/2018"]
[Site "Grieskirchen"]
[Date "2018.01.21"]
[Round "8"]
[Board "5"]
[White "Schneider-Zinner, Harald"]
[Black "Atlas, Valery"]
[Result "1/2-1/2"]
[WhiteElo "2408"]
[BlackElo "2456"]
[PlyCount "60"]
[EventDate "2017.11.16"]
[EventType "team"]
[EventRounds "11"]
[EventCountry "AUT"]
[WhiteTeam "mpimmo Wien - SK Ottakring"]
[BlackTeam "SK Hohenems"]

1.d4 Nf6 2.Nf3 b6 3.g3 Bb7 4.c4 e6 5.Bg2 g6 6.Nc3 Bg7 7.O-O Ne4 8.Nxe4 Bxe4 9.Bg5
Qc8 10.Qd2 O-O 11.Bh6 d6 12.Rac1 Nd7 13.Bxg7 Kxg7 14.c5 Qd8 15.cxd6 cxd6 16.Ne1 Bxg2
17.Nxg2 Nf6 18.Rc6 Qd7 19.Rfc1 Rfc8 20.Qc2 Rxc6 21.Qxc6 Qxc6 22.Rxc6 Ne8 23.e4 Kf6
24.Kf1 Ke7 25.Ke2 Kd7 26.Rc1 Nf6 27.f3 Rc8 28.Rxc8 Kxc8 29.Kd3 Kd7 30.Ne3 d5 1/2-1/2

[Event "1. Bundesliga 2017/2018"]
[Site "Grieskirchen"]
[Date "2018.01.21"]
[Round "8"]
[Board "6"]
[White "Baenziger, Fabian"]
[Black "Blohberger, Felix"]
[Result "0-1"]
[WhiteElo "2365"]
[BlackElo "2429"]
[PlyCount "76"]
[EventDate "2017.11.16"]
[EventType "team"]
[EventRounds "11"]
[EventCountry "AUT"]
[WhiteTeam "SK Hohenems"]
[BlackTeam "mpimmo Wien - SK Ottakring"]

1.d4 e6 2.c4 Nf6 3.g3 Bb4+ 4.Bd2 a5 5.Bg2 O-O 6.Nf3 b6 7.O-O Bb7 8.Qc2 Bxd2 9.Nbxd2
d6 10.e4 Nfd7 11.h4 h6 12.b3 e5 13.Qc3 Nc6 14.Rad1 exd4 15.Nxd4 Nxd4 16.Qxd4 Ne5 17.Nb1
a4 18.Nc3 axb3 19.axb3 Ra3 20.Rb1 Qf6 21.Kh1 c5 22.Qd1 Bc6 23.Qe2 g5 24.f4 gxf4 25.Rxf4
Qg6 26.Kh2 Kh8 27.Qe3 Qg7 28.Bf1 f5 29.Be2 fxe4 30.Rd1 Rxf4 31.gxf4 Nf3+ 32.Bxf3 exf3
33.Rg1 Qf6 34.Rg4 f2 35.Qxf2 Qxc3 36.Rg6 Kh7 37.Rxd6 Rxb3 38.Rxc6 Qh3+ 0-1

[Event "1. Bundesliga 2017/2018"]
[Site "Grieskirchen"]
[Date "2018.01.21"]
[Round "8"]
[Board "1"]
[White "Ragger, Markus"]
[Black "Mons, Leon"]
[Result "1/2-1/2"]
[WhiteElo "2673"]
[BlackElo "2542"]
[PlyCount "43"]
[EventDate "2017.11.16"]
[EventType "team"]
[EventRounds "11"]
[EventCountry "AUT"]
[WhiteTeam "SC MPOE Maria Saal"]
[BlackTeam "SIR Royal Salzburg"]

1.e4 e5 2.Nf3 Nc6 3.Bc4 Nf6 4.d3 Be7 5.O-O O-O 6.Re1 d6 7.a4 Kh8 8.a5 a6 9.Nc3 Ng8
10.Nd5 f5 11.c3 Nf6 12.Ng5 Ng4 13.Nxe7 Qxe7 14.h3 f4 15.Nxh7 Kxh7 16.hxg4 Qh4 17.f3
Bxg4 18.Kf1 Qh1+ 19.Kf2 Qh4+ 20.Kf1 Qh1+ 21.Kf2 Qh4+ 22.Kf1 1/2-1/2

[Event "1. Bundesliga 2017/2018"]
[Site "Grieskirchen"]
[Date "2018.01.21"]
[Round "8"]
[Board "2"]
[White "Bromberger, Stefan"]
[Black "Predojevic, Borki"]
[Result "0-1"]
[WhiteElo "2479"]
[BlackElo "2640"]
[PlyCount "48"]
[EventDate "2017.11.16"]
[EventType "team"]
[EventRounds "11"]
[EventCountry "AUT"]
[WhiteTeam "SIR Royal Salzburg"]
[BlackTeam "SC MPOE Maria Saal"]

1.e4 e5 2.Nf3 Nc6 3.d4 exd4 4.Nxd4 Qf6 5.Be3 Bc5 6.c3 Nge7 7.Bc4 Ne5 8.Bb3 Qg6 9.O-O
d5 10.Bf4 Bh3 11.Bg3 h5 12.Ba4+ c6 13.exd5 h4 14.Bc2 f5 15.Qe2 hxg3 16.fxg3 Bxg2 17.Kxg2
Ng4 18.Bxf5 Rxh2+ 19.Kf3 Ne5+ 20.Qxe5 Qh5+ 21.g4 Qh3+ 22.Kf4 g5+ 23.Ke4 Re2+ 24.Nxe2
Qe3# 0-1

[Event "1. Bundesliga 2017/2018"]
[Site "Grieskirchen"]
[Date "2018.01.21"]
[Round "8"]
[Board "3"]
[White "Naumann, Alexander"]
[Black "Seyb, Alexander"]
[Result "1/2-1/2"]
[WhiteElo "2551"]
[BlackElo "2395"]
[PlyCount "64"]
[EventDate "2017.11.16"]
[EventType "team"]
[EventRounds "11"]
[EventCountry "AUT"]
[WhiteTeam "SC MPOE Maria Saal"]
[BlackTeam "SIR Royal Salzburg"]

1.c4 g6 2.e4 e5 3.d4 Nf6 4.Nf3 exd4 5.e5 Ne4 6.Qxd4 Bb4+ 7.Kd1 f5 8.exf6 Nxf6 9.Bh6
Bf8 10.Bg5 Bg7 11.Qe3+ Kf7 12.Nc3 d6 13.Bd3 Nbd7 14.Re1 Nc5 15.Bc2 Bg4 16.h3 Re8 17.Qf4
Rxe1+ 18.Kxe1 Qe8+ 19.Kd2 Ne6 20.Qe3 Bxf3 21.Bxf6 Bxg2 22.Bxg7 Nxg7 23.Qg5 Bxh3 24.Rh1
Bf5 25.Bxf5 Qe5 26.Re1 Qxf5 27.Re7+ Kg8 28.Qxf5 Nxf5 29.Rxc7 Rf8 30.Rxb7 Rf7 31.Rxf7
Kxf7 32.Ne4 h5 1/2-1/2

[Event "1. Bundesliga 2017/2018"]
[Site "Grieskirchen"]
[Date "2018.01.21"]
[Round "8"]
[Board "4"]
[White "Hilverda, Alexander"]
[Black "Buhmann, Rainer"]
[Result "0-1"]
[WhiteElo "2368"]
[BlackElo "2589"]
[PlyCount "64"]
[EventDate "2017.11.16"]
[EventType "team"]
[EventRounds "11"]
[EventCountry "AUT"]
[WhiteTeam "SIR Royal Salzburg"]
[BlackTeam "SC MPOE Maria Saal"]

1.d4 d5 2.c4 e6 3.Nf3 Nf6 4.g3 Bb4+ 5.Bd2 Be7 6.Bg2 O-O 7.O-O Nbd7 8.Qc2 c6 9.Bf4
Ne4 10.Nfd2 g5 11.Nxe4 gxf4 12.Ned2 fxg3 13.hxg3 f5 14.Nc3 Nf6 15.e3 Ne4 16.Ndxe4
fxe4 17.Ne2 Bd6 18.Nf4 Qg5 19.Bh3 Rf6 20.Qe2 Kh8 21.Qh5 Bxf4 22.Qe8+ Kg7 23.exf4 Rxf4
24.g4 h5 25.Qxh5 Qxh5 26.gxh5 e5 27.Bxc8 Rxc8 28.Rfd1 Kf6 29.Rac1 e3 30.dxe5+ Kxe5
31.Rc2 Rg8+ 32.Kf1 Rgf8 0-1

[Event "1. Bundesliga 2017/2018"]
[Site "Grieskirchen"]
[Date "2018.01.21"]
[Round "8"]
[Board "5"]
[White "Halvax, Georg"]
[Black "Klek, Hanna Marie"]
[Result "1/2-1/2"]
[WhiteElo "2434"]
[BlackElo "2327"]
[PlyCount "60"]
[EventDate "2017.11.16"]
[EventType "team"]
[EventRounds "11"]
[EventCountry "AUT"]
[WhiteTeam "SC MPOE Maria Saal"]
[BlackTeam "SIR Royal Salzburg"]

1.Nf3 d5 2.g3 Nd7 3.Bg2 e5 4.d3 Bd6 5.O-O c6 6.b3 Ne7 7.Bb2 Ng6 8.e4 d4 9.c3 c5 10.Nbd2
O-O 11.Rc1 Re8 12.a3 Ndf8 13.b4 dxc3 14.Bxc3 cxb4 15.axb4 Qe7 16.Qb3 Be6 17.Qb2 a5
18.Rb1 axb4 19.Bxb4 Ra2 20.Bxd6 Qxd6 21.Qxb7 Qxd3 22.Rb2 Rxb2 23.Qxb2 Rc8 24.Rc1 Rxc1+
25.Qxc1 f6 26.Bf1 Qd7 27.Bc4 Ne7 28.Bxe6+ Qxe6 29.Qc4 Qxc4 30.Nxc4 Ne6 1/2-1/2

[Event "1. Bundesliga 2017/2018"]
[Site "Grieskirchen"]
[Date "2018.01.21"]
[Round "8"]
[Board "6"]
[White "Durakovic, Alman"]
[Black "Kreisl, Robert"]
[Result "1/2-1/2"]
[WhiteElo "2279"]
[BlackElo "2406"]
[PlyCount "112"]
[EventDate "2017.11.16"]
[EventType "team"]
[EventRounds "11"]
[EventCountry "AUT"]
[WhiteTeam "SIR Royal Salzburg"]
[BlackTeam "SC MPOE Maria Saal"]

1.d4 Nf6 2.c4 e6 3.Nc3 d5 4.cxd5 Nxd5 5.e4 Nxc3 6.bxc3 c5 7.Nf3 cxd4 8.cxd4 Bb4+ 9.Bd2
Bxd2+ 10.Qxd2 O-O 11.Bc4 b6 12.O-O Nd7 13.Rad1 Bb7 14.Rfe1 Rc8 15.Bd3 Re8 16.Qf4 Qf6
17.Qg3 h6 18.d5 e5 19.Bb5 Rcd8 20.Rc1 a6 21.Bc6 Bxc6 22.Rxc6 Qf4 23.Qxf4 exf4 24.Kf1
Nc5 25.Nd2 f5 26.f3 fxe4 27.fxe4 Nd3 28.Rb1 Nc5 29.Rb4 a5 30.Rc4 Nd7 31.Rd6 Ne5 32.Rxd8
Rxd8 33.Rc7 Rd7 34.Rc8+ Kf7 35.Ke2 Rd6 36.Nc4 Nxc4 37.Rxc4 Kf6 38.Rc8 Ke5 39.Kf3 g5
40.Re8+ Kd4 41.Kg4 b5 42.Kf5 a4 43.Rb8 g4 44.Kxf4 Rf6+ 45.Kxg4 Kxe4 46.g3 Kxd5 47.Rxb5+
Kc4 48.Rb8 Rf2 49.a3 Rxh2 50.Rb4+ Kd5 51.Rxa4 Ke6 52.Rf4 h5+ 53.Kg5 Rh3 54.Rf3 h4
55.Rf6+ Ke7 56.gxh4 Rxh4 1/2-1/2

[Event "1. Bundesliga 2017/2018"]
[Site "Grieskirchen"]
[Date "2018.01.21"]
[Round "8"]
[Board "1"]
[White "Repka, Christopher"]
[Black "Dizdar, Goran"]
[Result "1/2-1/2"]
[WhiteElo "2521"]
[BlackElo "2488"]
[PlyCount "60"]
[EventDate "2017.11.16"]
[EventType "team"]
[EventRounds "11"]
[EventCountry "AUT"]
[WhiteTeam "ASVOE Pamhagen"]
[BlackTeam "Schachklub Absam"]

1.Nf3 c5 2.e4 e6 3.Nc3 Nc6 4.Bc4 Nge7 5.d3 g6 6.Bf4 a6 7.Bd6 Bg7 8.O-O b5 9.Bb3 Qb6
10.Re1 Bb7 11.e5 Nf5 12.Ne4 Nxd6 13.Nxd6+ Kf8 14.Nxb7 Qxb7 15.c3 Rd8 16.Qd2 h6 17.d4
cxd4 18.cxd4 d5 19.exd6 Rxd6 20.d5 exd5 21.Bxd5 Nd4 22.Qe3 Nxf3+ 23.Bxf3 Qd7 24.Bg4
Qd8 25.Rad1 Bd4 26.Qf4 Kg7 27.Rd2 g5 28.Qf3 Qf6 29.Qxf6+ Kxf6 30.Re3 Rhd8 1/2-1/2

[Event "1. Bundesliga 2017/2018"]
[Site "Grieskirchen"]
[Date "2018.01.21"]
[Round "8"]
[Board "2"]
[White "Bayer, Bernhard"]
[Black "Rubil, Marko"]
[Result "1-0"]
[WhiteElo "2425"]
[BlackElo "2231"]
[PlyCount "63"]
[EventDate "2017.11.16"]
[EventType "team"]
[EventRounds "11"]
[EventCountry "AUT"]
[WhiteTeam "Schachklub Absam"]
[BlackTeam "ASVOE Pamhagen"]

1.d4 f5 2.c4 Nf6 3.Nc3 g6 4.Nf3 Bg7 5.Bf4 O-O 6.Qc2 d6 7.h3 a5 8.e3 Qe8 9.Be2 c6 10.Bh2
Nbd7 11.O-O e5 12.a3 Nh5 13.Rad1 Qe7 14.b4 axb4 15.axb4 f4 16.Ne4 exd4 17.Nxd4 Re8
18.Bf3 Bh6 19.Bxh5 gxh5 20.Nf5 Qxe4 21.Nxh6+ Kf8 22.Qc3 Ne5 23.exf4 Qxc4 24.Qg3 Ng6
25.f5 Nh4 26.Qxd6+ Kg7 27.Be5+ Rxe5 28.Qxe5+ Kxh6 29.Qf6+ Ng6 30.fxg6 hxg6 31.Qh8+
Kg5 32.f4+ 1-0

[Event "1. Bundesliga 2017/2018"]
[Site "Grieskirchen"]
[Date "2018.01.21"]
[Round "8"]
[Board "3"]
[White "Vitouch, Anatol"]
[Black "Lehner, Oliver"]
[Result "1-0"]
[WhiteElo "2318"]
[BlackElo "2402"]
[PlyCount "116"]
[EventDate "2017.11.16"]
[EventType "team"]
[EventRounds "11"]
[EventCountry "AUT"]
[WhiteTeam "ASVOE Pamhagen"]
[BlackTeam "Schachklub Absam"]

1.g3 e5 2.c4 Nf6 3.Bg2 d5 4.cxd5 Nxd5 5.Nc3 Nb6 6.Nf3 Nc6 7.O-O Be7 8.Rb1 Be6 9.b4
Nxb4 10.Nxe5 f6 11.a3 Na2 12.Nxa2 Bxa2 13.Ra1 Be6 14.Nd3 Bd5 15.e4 Bf7 16.Nf4 Qd4
17.Rb1 O-O-O 18.Qg4+ Kb8 19.Qxg7 Rdf8 20.d3 h5 21.Bb2 Qd8 22.e5 Rhg8 23.Qh7 fxe5 24.Bxe5
Bd6 25.Qe4 c6 26.d4 Rg4 27.Bxd6+ Qxd6 28.Qe5 Kc7 29.h4 Bc4 30.Rfe1 Rfxf4 31.gxf4 Bd5
32.f3 Bxf3 33.Rb2 Nc4 34.Qxd6+ Kxd6 35.Rf2 Bxg2 36.Rxg2 Rxf4 37.Rg6+ Kd5 38.Rg5+ Kxd4
39.Rxh5 Ne3 40.Rh7 Nf5 41.h5 Rh4 42.Rd7+ Kc3 43.Rxb7 Rxh5 44.Rc1+ Kd3 45.Rxc6 Nd4
46.Rd6 a5 47.Rbd7 Rh4 48.Rd5 a4 49.Rc5 Ke3 50.Kg2 Rg4+ 51.Kh3 Re4 52.Rc4 Nb5 53.Rc1
Ke2 54.Rc2+ Ke1 55.Rd3 Re2 56.Rc4 Rd2 57.Rg3 Rd5 58.Rxa4 Nd4 1-0

[Event "1. Bundesliga 2017/2018"]
[Site "Grieskirchen"]
[Date "2018.01.21"]
[Round "8"]
[Board "4"]
[White "Deglmann, Ludwig"]
[Black "Kuthan, Andreas"]
[Result "1-0"]
[WhiteElo "2278"]
[BlackElo "2194"]
[PlyCount "65"]
[EventDate "2017.11.16"]
[EventType "team"]
[EventRounds "11"]
[EventCountry "AUT"]
[WhiteTeam "Schachklub Absam"]
[BlackTeam "ASVOE Pamhagen"]

1.c4 e6 2.d4 d5 3.Nc3 Nf6 4.cxd5 exd5 5.Bg5 c6 6.Qc2 Be7 7.e3 Nbd7 8.Bd3 h6 9.Bh4
Nh5 10.Bxe7 Qxe7 11.O-O-O Nb6 12.h3 Be6 13.Nf3 O-O-O 14.Kb1 Kb8 15.Na4 Nxa4 16.Qxa4
Nf6 17.Rc1 Ne4 18.Bxe4 dxe4 19.Ne5 Rhe8 20.Rc3 Bd5 21.Rhc1 f6 22.Ng6 Qf7 23.Nf4 g5
24.Nxd5 Rxd5 25.Rb3 Rd6 26.Ra3 a6 27.Qb4 Kc7 28.Rb3 Rb8 29.Qa5+ Kc8 30.Qf5+ Qe6 31.Qh7
f5 32.Rc5 Rd7 33.Qxf5 1-0

[Event "1. Bundesliga 2017/2018"]
[Site "Grieskirchen"]
[Date "2018.01.21"]
[Round "8"]
[Board "5"]
[White "Fleischhacker, Christian"]
[Black "Duer, Werner"]
[Result "0-1"]
[WhiteElo "1828"]
[BlackElo "2223"]
[PlyCount "84"]
[EventDate "2017.11.16"]
[EventType "team"]
[EventRounds "11"]
[EventCountry "AUT"]
[WhiteTeam "ASVOE Pamhagen"]
[BlackTeam "Schachklub Absam"]

1.e4 c6 2.d4 d5 3.Nc3 dxe4 4.Nxe4 Nd7 5.Bf4 Ngf6 6.Nxf6+ Nxf6 7.h3 Bf5 8.c3 e6 9.Bd3
Bxd3 10.Qxd3 Be7 11.Nf3 O-O 12.O-O Qb6 13.b4 Nd5 14.Bg3 a5 15.a3 Qa6 16.Qxa6 Rxa6
17.Rfc1 axb4 18.axb4 Rfa8 19.Rxa6 Rxa6 20.Nd2 Ra3 21.Ne4 f5 22.Nc5 Bxc5 23.bxc5 Nxc3
24.Kf1 Nb5 25.Rd1 Ra2 26.Be5 g5 27.Re1 Kf7 28.Re2 Ra4 29.Rd2 h5 30.f3 Nc3 31.Kf2 Ra2
32.Rxa2 Nxa2 33.g3 Nc3 34.h4 g4 35.f4 Nd5 36.Ke2 Ke8 37.Kd3 Kd7 38.Bb8 Nf6 39.Ke2
Ne4 40.Be5 Nxg3+ 41.Ke3 Ne4 42.Bb8 Nc3 0-1

[Event "1. Bundesliga 2017/2018"]
[Site "Grieskirchen"]
[Date "2018.01.21"]
[Round "8"]
[Board "6"]
[White "Gerhold, Michael"]
[Black "Horvath, Maria"]
[Result "1-0"]
[WhiteElo "2254"]
[BlackElo "1980"]
[PlyCount "52"]
[EventDate "2017.11.16"]
[EventType "team"]
[EventRounds "11"]
[EventCountry "AUT"]
[WhiteTeam "Schachklub Absam"]
[BlackTeam "ASVOE Pamhagen"]

1.Nf3 d5 2.d4 Nf6 3.c4 c6 4.Nc3 dxc4 5.a4 Bf5 6.Nh4 e6 7.Nxf5 exf5 8.e3 Bd6 9.Bxc4
O-O 10.O-O Nbd7 11.Qc2 g6 12.f3 Qc7 13.g3 Nb6 14.Bb3 Nfd5 15.e4 Nb4 16.Qg2 a5 17.Bh6
Rfe8 18.Rad1 Rad8 19.Kh1 Be7 20.g4 c5 21.dxc5 Qxc5 22.gxf5 Nc4 23.Qe2 Rxd1 24.Rxd1
Rc8 25.Rc1 Ne5 26.Na2 Qxc1+ 1-0

[Event "1. Bundesliga 2017/2018"]
[Site "Grieskirchen"]
[Date "2018.01.21"]
[Round "8"]
[Board "1"]
[White "Haba, Petr"]
[Black "Huschenbeth, Niclas"]
[Result "1/2-1/2"]
[WhiteElo "2454"]
[BlackElo "2560"]
[PlyCount "149"]
[EventDate "2017.11.16"]
[EventType "team"]
[EventRounds "11"]
[EventCountry "AUT"]
[WhiteTeam "Grieskirchen/Bad Schallerbach"]
[BlackTeam "Schachclub Sparkasse Goetzis"]

1.d4 Nf6 2.c4 e6 3.g3 d5 4.Bg2 dxc4 5.Nf3 a6 6.O-O Nc6 7.Bg5 Be7 8.e3 O-O 9.Nbd2 e5
10.Nxe5 Nxe5 11.dxe5 Ng4 12.Bxe7 Qxe7 13.Nxc4 Nxe5 14.Nxe5 Qxe5 15.Qb3 Rb8 16.Rfd1
Be6 17.Bd5 Bh3 18.Rd2 c6 19.Bg2 Be6 20.Qb6 Qb5 21.Qd4 a5 22.a3 a4 23.Rc1 h6 24.h4
Rfc8 25.Rc5 Qb6 26.Rc3 Qa5 27.Rc5 Qb6 28.Rc3 Qa5 29.Rc5 Qd8 30.Rc3 Ra8 31.Be4 Qe7
32.Bc2 g6 33.Qe5 h5 34.Rd4 c5 35.Rd6 Ra6 36.Rxa6 bxa6 37.Bxa4 c4 38.Rc1 Rc5 39.Qb8+
Rc8 40.Qe5 Rc5 41.Qb8+ Rc8 42.Qf4 Qc5 43.Rd1 c3 44.b4 Qf5 45.Qxf5 Bxf5 46.Rc1 c2 47.Kf1
Rc3 48.Ke1 Rxa3 49.Bxc2 Bxc2 50.Rxc2 a5 51.bxa5 Rxa5 52.Ke2 Kg7 53.Rd2 Ra6 54.e4 Ra3
55.Rd3 Ra5 56.Ke3 Ra2 57.f3 Ra1 58.Kf4 Rb1 59.Rd5 Rb3 60.g4 hxg4 61.Kxg4 Rb1 62.h5
gxh5+ 63.Rxh5 f6 64.Kf4 Ra1 65.Rd5 Kg6 66.Rd7 Rb1 67.Re7 Ra1 68.Re6 Ra4 69.Kg4 Kf7
70.Rd6 Kg6 71.Re6 Kf7 72.Kf5 Ra5+ 73.e5 fxe5 74.Rxe5 Ra6 75.f4 1/2-1/2